Charakterizácia kvasinkovej mikroflóry viniča modranského vinohradníckeho rajóna počas rokov 2010-2012 diplomová práca

Na minha lista:
Detalhes bibliográficos
Autor principal: Macková, Katarína
Formato: Livro
Idioma:eslovaco
Publicado em: Bratislava STU FCHPT 2013
Acesso em linha:View in OPAC
Tags: Adicionar Tag
Sem tags, seja o primeiro a adicionar uma tag!

MARC

LEADER 00000nam a2200000 a 4500
005 20260127134150.0
008 130812 2013 000 0 slo d
035 |a vtls010534191 
039 9 |y 201308121005  |z mschk03 
040 |a STUSCHK1  |b slo  |c STUSCHK1  |e AACR2 
100 1 |a Macková, Katarína 
245 1 |a Charakterizácia kvasinkovej mikroflóry viniča modranského vinohradníckeho rajóna počas rokov 2010-2012  |b diplomová práca  |c Katarína Macková 
260 |a Bratislava  |b STU FCHPT  |c 2013 
300 |a 64 s.  |b il., tab.  |c 30 cm 
500 |a Obhájené: 10.06.2013 
500 |a Štud. odbor: Biotechnológie 
500 |a Miesto vyprac.: Odd. biochemickej technológie 
500 |a Evid. číslo: FCHPT-5421-50614 
910 |a SCHK95 
999 |c 5603  |d 5603